000 01115nam a2200265Ia 4500
003 OSt
005 20221005110051.0
006 a|||||r|||| 00| 0
007 ta
008 221004b |||||||| |||| 00| 0 hin d
020 _a8126015845 (pbk)
_c300
024 _a93610
037 _b528, 19/03/2009, Vani Prakashan
_cTextual
040 _aCRL
_cCRL
_bhin
041 _2hin
_ahin
082 _aO142,1M03x, 152P3
100 _aत्यूत्वेव, फ़्योदर
245 0 _aनियती का निनाद
_b फ़्योदर त्यूत्वेव ीि कविताएॅं
246 _aNiyatī kā nināda: फ़yodar tyūtvev īi kavitāeॅan
260 _aनई दिल्ली
_bसाहित्य अकादेमी भारत
_c2003
300 _a130पृ0
_ccm.
700 _a वायाम सिंह, अनु.
942 _hO142,1M03x, 152P3
_cTEXL
_2cc
999 _c1017684
_d1017684